[Event "Champions Showdown Kings Blitz 2019-B"]
[Site "Saint Louis"]
[Date "2019.02.24"]
[Round "22"]
[White "Nakamura, Hikaru"]
[Black "Duda, Jan-Krzysztof"]
[Result "1-0"]
[WhiteElo "2749"]
[BlackElo "2731"]
[Annotator "TA"]
[PlyCount "65"]
[EventDate "2019.02.09"]
[EventType "match"]
[EventCountry "USA"]
[SourceTitle "playchess.com"]
[Source "ChessBase"]
[SourceQuality "1"]

{[%evp 18,65,29,27,68,72,71,87,77,11,22,8,12,-10,74,70,82,25,25,18,18,27,57,58,58,55,54,54,91,66,71,46,43,0,103,62,96,98,93,101,118,124,192,189,301,304,975,975,29994,29995]} 1. Nf3 d5 2. d4 Nf6 3. c4 c6 4. e3 e6 5. Bd3 Nbd7 6. O-O Bd6 7. Nc3 dxc4 8. Bxc4 b5 {D46: Semi-Slav: 5 e3 Nbd7 6 Bd3, Black avoids the Meran} (8... O-O 9. e4 e5 10. Be3 Qe7 11. Bb3 exd4 12. Bxd4 Ne5 13. Nxe5 Bxe5 14. Bxe5 Qxe5 15. f4 Qc5+ 16. Kh1 Be6 17. e5 Rad8 18. Qf3 {1-0 (38) Yilmaz,M (2624)-Baryshpolets,A (2603) Ankara 2018}) 9. Bb3 b4 10. Na4 {LiveBook: 4 Games} c5 {White has an edge.} 11. dxc5 Nxc5 12. Nxc5 Bxc5 13. Ba4+ (13. Qxd8+ $16 Kxd8 14. Ne5) 13... Ke7 $1 $11 14. Ne5 Bb7 $1 15. a3 $146 ({Predecessor:} 15. Nc6+ Bxc6 16. Bxc6 Qxd1 17. Rxd1 {½-½ (48) Plischki,S (2367)-Bartos,J (2199) Marianske Lazne 2013}) 15... Qd5 (15... Qc7 $11 {keeps the balance.} 16. axb4 Bd6) 16. Qxd5 $16 Nxd5 17. Nd3 (17. e4 $16 Nf6 18. axb4) 17... Bd6 $1 $11 18. e4 Nb6 19. e5 Nxa4 20. exd6+ Kxd6 21. axb4 Nb6 $1 22. Be3 f6 23. Bc5+ Kd7 24. Ra5 Nc4 25. Raa1 a6 (25... Nb6 $1 $11) 26. b3 Nd6 27. Rfd1 $36 {[%mdl 2048] White is on the roll.} Bd5 28. Nf4 Kc6 29. Nxe6 Nb5 (29... Nf5 $16 {is a better defense.}) 30. Nxg7 $18 {[#] Black must now prevent Rac1.} Rhg8 (30... Bxg2 {was worth a try.} 31. Kxg2 Rhg8) 31. Rac1 Bxg2 $2 (31... Kb7 32. Rxd5 Rxg7) 32. Be3+ ({Less strong is} 32. Kxg2 Rxg7+ 33. Kf3 Kb7 $16) 32... Kb7 33. Rd7+ {Precision: White = 48%, Black = 26%.} 1-0

[Event "Champions Showdown Kings Blitz 2019-B"]
[Site "Saint Louis"]
[Date "2019.02.22"]
[Round "23"]
[White "Duda, Jan-Krzysztof"]
[Black "Nakamura, Hikaru"]
[Result "1-0"]
[WhiteElo "2731"]
[BlackElo "2749"]
[Annotator "TA"]
[PlyCount "83"]
[EventDate "2019.02.09"]
[EventType "match"]
[EventCountry "USA"]
[SourceTitle "playchess.com"]
[Source "ChessBase"]
[SourceQuality "1"]

{[%evp 11,83,17,29,31,33,31,29,2,24,-6,-6,-13,-12,-13,18,16,16,5,24,24,27,24,33,8,8,8,47,9,47,47,47,54,73,62,62,47,62,62,67,74,74,74,76,0,0,0,0,0,530,530,574,573,754,716,754,738,29992,29993,29993,1427,29994,1107,1164,1138,29995,1289,3025,995,1874,1829,29991,29992,29994,29995]} 1. d4 Nf6 2. Bg5 c5 3. Bxf6 gxf6 4. d5 Qb6 5. Qc1 f5 6. c4 Bg7 7. Nc3 {A45: Trompowsky Attack} d6 8. e3 Nd7 {[%cal Bb8d7,Bd7f8,Bf8g6,Bg6e5][%mdl 32]} 9. Nf3 {White has an edge.} (9. Nh3 Nf6 10. Be2 Ne4 11. O-O Nxc3 12. bxc3 Qa5 13. Rb1 Qxc3 14. Qd1 b6 {½-½ (75) Vitiugov,N (2719)-Nakamura,H (2746) St Petersburg 2018}) 9... e5 $146 ({Predecessor:} 9... Nf6 10. Bd3 Ne4 11. Bxe4 fxe4 12. Nd2 f5 13. O-O O-O 14. f3 exf3 15. Rxf3 {1-0 (38) Yakubboev,N (2556)-Pantsulaia,L (2597) St Petersburg 2018}) 10. Nh4 Nf8 11. g3 {Black should prevent Bh3.} Ng6 12. Ng2 e4 13. Be2 Qa5 14. O-O Bxc3 (14... Bd7 {feels hotter.} 15. a4 O-O-O 16. Qd2 Qb4 17. a5 h5) 15. bxc3 Ne5 16. a4 {[%cal Ba2a4,Ba4a5][%mdl 32]} Bd7 17. Nf4 O-O-O 18. Nh5 Kb8 19. Qc2 Bc8 20. Rfb1 Qc7 21. a5 Qe7 22. h3 Rhg8 23. Kh2 Rg6 24. Ra2 {[%cal Ba1a2,Ba2b2,Bb2b7][%mdl 32]} Rh6 25. Nf4 Rg8 26. Qd1 Ng6 27. Nh5 (27. Bf1 $16) 27... f4 $1 $11 {[%cal Rf4f3]} 28. exf4 Nh4 ({Don't blunder} 28... Qd7 $2 29. Bg4 $18) 29. Rab2 e3 $2 {[%mdl 8192] [#]} (29... a6 $11 {and Black stays safe.}) 30. Rxb7+ $3 $18 {[%mdl 512]} Bxb7 31. a6 $1 Ka8 32. Rxb7 ({Worse is} 32. axb7+ Kb8 $11) 32... Qe4 33. f3 $1 {[%cal Rf3e4]} Qe8 34. Qb1 Qc8 35. g4 (35. Qb5 $142 Nxf3+ 36. Bxf3 Qxh3+ 37. Kxh3 Rxg3+ 38. Kxg3 Rg6+ 39. Kh4 Rg4+ 40. Bxg4 h6 41. Qe8#) 35... Rxh5 36. Bd1 (36. Qb5 $142 Nxf3+ 37. Bxf3 Rxh3+ 38. Kxh3 h5 39. Rb8+ $1 {[%mdl 576] Deflection} Qxb8 40. Qc6+ Qb7 41. Qxb7#) 36... e2 37. Bxe2 {Qb5 would kill now.} Rf5 38. Kg3 (38. Qb5 $142 Nxf3+ 39. Bxf3 Re5 {[#]} 40. Rb8+ $1 {[%mdl 576] Deflection} Qxb8 41. Qc6+ Qb7 42. Qxb7#) 38... Rf6 39. Bd1 (39. Kxh4 $142 h6 40. Kg3) 39... Nf5+ 40. Kf2 {White wants to mate with Ba4.} Ne7 41. Ba4 Re8 42. Bxe8 {Accuracy: White = 51%, Black = 39%.} 1-0

[Event "Champions Showdown Kings Blitz 2019-B"]
[Site "Saint Louis"]
[Date "2019.02.24"]
[Round "24"]
[White "Nakamura, Hikaru"]
[Black "Duda, Jan-Krzysztof"]
[Result "0-1"]
[WhiteElo "2749"]
[BlackElo "2731"]
[Annotator "TA"]
[PlyCount "142"]
[EventDate "2019.02.09"]
[EventType "match"]
[EventCountry "USA"]
[SourceTitle "playchess.com"]
[Source "ChessBase"]
[SourceQuality "1"]

{[%evp 32,142,0,13,2,0,0,0,0,0,0,0,0,0,0,-94,-94,-123,-103,-135,-104,-120,-35,-563,-563,-492,-538,-855,-687,-643,-582,-589,-526,-608,-267,-278,-277,-262,-267,-891,-139,-139,-139,-139,-139,-139,-139,-139,-139,-139,-139,-166,-90,-300,-285,-306,0,-281,-177,-420,-318,-664,-541,-580,-318,-342,-349,-604,-541,-457,-254,-541,-541,-450,-170,-170,-174,-1138,-605,-939,-752,-1543,0,-1172,-133,-427,0,-1589,-1395,-2713,-2303,-29957,-29957,-29956,-29951,-29978,-29979,-29979,-29980,-29985,-29986,-29987,-29985,-29985,-29986,-29987,-29988,-29988,-29989,-29989,-29990,-29990,-29991]} 1. Nf3 Nf6 2. d4 e6 3. c4 b6 4. g3 Ba6 5. b3 c6 6. Bg2 d5 7. Qc2 Be7 8. O-O Nbd7 9. Rd1 Rc8 10. Bf4 O-O 11. Nc3 dxc4 12. e4 b5 13. bxc4 bxc4 14. d5 cxd5 15. exd5 Nxd5 16. Nxd5 exd5 17. Rxd5 {Threatens to win with Bh3.} Bb7 {E08: Closed Catalan: Main Line: 7 Qc2} 18. Rdd1 {aiming for Qf5.} Bf6 {[#] Threatening ...Bxf3.} 19. Ng5 $146 ({Predecessor:} 19. Rab1 Bc6 20. Ne5 Bxe5 21. Bxe5 Qa5 22. Bc3 Qc7 23. Qf5 g6 24. Qg5 f6 25. Bd5+ {½-½ (64) Van Wely,L (2695)-Schandorff,L (2551) Germany 2002}) 19... Bxg5 {The position is equal.} 20. Bxb7 Bxf4 21. Bxc8 Qxc8 22. gxf4 Nc5 $1 $36 {[%mdl 2048] White is under pressure.} 23. Qe2 (23. Qxc4 $11 Qg4+ 24. Kh1 (24. Kf1 Qh3+ 25. Kg1 Qg4+ 26. Kh1 Qf3+ {[%mdl 64] Double Attack} 27. Kg1 Qg4+ $11)) 23... Nd3 $17 {[%mdl 1024] Black has strong compensation.} 24. Qf3 Qf5 25. Rab1 g6 ({Don't take} 25... Nxf4 26. Kh1 $15) 26. Rb7 Rc8 ({Black should play} 26... Ne5 $17 27. Qg3 Nd3) 27. Kg2 $2 {[%mdl 8192]} ({White should try} 27. Rxa7 $15 Nxf4 28. Rad7) 27... Nxf4+ $19 28. Kh1 c3 {[%cal Bc4c3,Bc3c2][%mdl 32]} 29. Rb3 c2 30. Rc1 Rc4 31. Re3 Kg7 32. Rc3 Rb4 (32... Qe6 $142 33. h3 Ne2 {[%mdl 64] Double Attack} 34. R1xc2 Nxc3) 33. Rb3 Rd4 34. Rc3 Rd2 35. Re3 $2 ({Not} 35. Rc4 $2 {[#]} Rd1+ $1 {[%mdl 512]} 36. Rxd1 Qh3 $19) (35. R3xc2 Rxc2 36. Rxc2 Qxc2 37. Qxf4 Qxa2 38. Qe5+ f6 39. Qc7+ Qf7 40. Qc5) 35... Nd3 $2 (35... Qg5 $19 36. Ra1 Rd4) 36. Qxf5 $17 gxf5 37. Rxd3 Rxd3 38. Rxc2 {[%mdl 4096] Endgame KR-KR} Ra3 39. Kg2 Kg6 40. Rc6+ f6 41. Rc2 f4 (41... a5 $19 42. Rd2 Kg5) 42. f3 $2 (42. Rc5 $17 {was necessary.}) 42... Kg5 43. Rc5+ Kg6 44. Rc2 a5 45. Rb2 $2 (45. h4) 45... a4 46. Rc2 $2 (46. h4) 46... Kg5 $19 47. Rc5+ f5 48. Rc2 Rd3 49. Rc7 $2 (49. Kf2) 49... Rd2+ {[%mdl 64] [#] Double Attack} 50. Kh3 h6 (50... Rxa2 $142 51. Rxh7 Rf2 52. Rh5+ Kg6) 51. Rc4 $2 (51. Rc3) 51... Rxa2 52. Rb4 a3 $2 (52... h5 53. Rd4 a3) 53. Ra4 Kf6 54. Ra5 $2 (54. Rxf4 Re2 55. Ra4) 54... Ke6 55. Ra6+ Ke5 56. Ra4 Ke6 $2 (56... h5 $19 {...h4! is the strong threat.} 57. Ra5+ Kd4 58. Rxf5 Ke3 59. Rxh5 Kxf3) 57. Ra5 $2 {[%mdl 8192]} (57. Ra6+ $11 Ke5 58. Rxh6) 57... Kf6 $2 (57... h5 $19 {and Black stays clearly on top. Strongly threatening ...Kf6.} 58. Ra8 Kd5) 58. Ra7 $2 {[%mdl 8192]} (58. Ra6+ $17 Ke5 59. Rxh6) 58... Ke5 (58... h5 $142 59. Ra6+ Ke5) 59. Ra4 $1 Kd5 60. Rxf4 Rc2 61. Rxf5+ Kc4 {Black mates.} 62. Ra5 a2 63. f4 Kb4 64. Ra8 Rc3+ 65. Kg4 Ra3 66. Rb8+ Ka4 67. Ra8+ Kb3 68. Rb8+ Kc2 69. Rc8+ Kd2 70. Rd8+ Ke2 71. Re8+ Kf2 {Accuracy: White = 20%, Black = 51%.} 0-1